Guess the Taylor Swift Song by the Lyrics # 20 - Statistics

General Stats
  • This quiz has been taken 79 times
  • The average score is 159 of 287
Answer Stats
LYRICS % Correct
I
98%
a
95%
you
95%
You
95%
me,
94%
me
94%
an
92%
And
91%
and
91%
to
91%
the
88%
my
85%
My
85%
when
85%
be
80%
it
80%
know
78%
on
78%
don't
75%
in
75%
so
74%
I'm
71%
that
71%
like
69%
was
66%
all
63%
for
63%
how
63%
of
63%
too
63%
They
62%
they
62%
but
58%
at
57%
had
55%
this
55%
have
54%
Now
54%
now
54%
now,
54%
want
52%
down
51%
down)
51%
just
51%
(Just
51%
look
45%
saw
45%
up
45%
from
42%
never
42%
Never
42%
off
42%
wanna
40%
feel
37%
loved
37%
would
37%
let
35%
them
35%
will
34%
Their
32%
way
32%
Once
31%
castle's
29%
couldn't
29%
crumbling
29%
head
29%
here
29%
they're
29%
face
28%
friends
28%
end
25%
used
25%
Used
25%
wanted
25%
went
23%
could've
22%
ground
22%
burn
18%
ended
18%
hope
18%
name
18%
watch
18%
stop
17%
til
17%
dynasty
15%
far
15%
hate
15%
monster
15%
trusted
15%
alone
14%
apart
14%
bridges
14%
empire
14%
fallen
14%
People
14%
sit
14%
tore
14%
words
14%
age
12%
fear
12%
front
12%
golden
12%
great
12%
held
12%
high
12%
Ones
12%
strong,
12%
walls
12%
faith
11%
grace
11%
Power
11%
pushed
11%
screamin'
11%
screaming
11%
chant
9%
cheer
9%
grudge
9%
harbor
9%
help,
9%
palace
9%
ran
9%
regret
9%
ships
9%
tried
9%
behind
8%
Crowds
8%
Falling
8%
gates
8%
hang
8%
kept
8%
promises
6%
reign
6%
billows
5%
foes
5%
Smoke
5%
No matching quizzes found
Score Distribution
Percent of People with Each Score
Percentile by Number Answered
Your Score History
You have not taken this quiz